বঙ্গবন্ধু হত্যার ফাঁসির রায় জেগে ওঠে বাংলাদেশ / (Record no. 11950)
[ view plain ]
| 000 -LEADER | |
|---|---|
| fixed length control field | 00737nam a2200205 a 4500 |
| 001 - CONTROL NUMBER | |
| JCCL Control Number | 1950 |
| 003 - CONTROL NUMBER IDENTIFIER | |
| JCCL marc code | BD-JhCC |
| 005 - DATE AND TIME OF LATEST TRANSACTION | |
| control field | 20210222121329.0 |
| 008 - FIXED-LENGTH DATA ELEMENTS--GENERAL INFORMATION | |
| fixed length control field | 210222b 2020bg |||| ||a| 000 0 ben d |
| 035 ## - SYSTEM CONTROL NUMBER | |
| system control number | (BD-JhCC)1950 |
| 040 ## - CATALOGING SOURCE | |
| Original cataloging agency | BD-JhCC |
| Modifying agency | BD-JhCC |
| 041 ## - LANGUAGE CODE | |
| Language code of Book | eng |
| 082 ## - DEWEY DECIMAL CLASSIFICATION NUMBER | |
| Classification number | 954.9205 |
| Author mark and Year | SHA 2020 |
| 100 ## - MAIN ENTRY--PERSONAL NAME | |
| Personal name | খান, শহীদুল হক |
| 245 ## - TITLE STATEMENT | |
| Title | বঙ্গবন্ধু হত্যার ফাঁসির রায় জেগে ওঠে বাংলাদেশ / |
| Statement of responsibility, etc | শহীদুল হক খান |
| 260 ## - PUBLICATION, DISTRIBUTION, ETC. (IMPRINT) | |
| Place of publication, distribution, etc | বাংলাদেশ: |
| Name of publisher, distributor, etc | দি স্কাই পাবলিশার্স, ঢাকা; |
| Date of publication, distribution, etc | ২০২০. |
| 300 ## - PHYSICAL DESCRIPTION | |
| Pagination | 287 p. : |
| Dimensions | 22 CM. |
| 942 ## - ADDED ENTRY ELEMENTS (KOHA) | |
| Source of classification or shelving scheme | Dewey Decimal Classification |
| Koha item type | Books |
| Source of classification or shelving scheme | Damaged status | Not for loan | Home library | Current library | Date of accession | Source of acquisition | Cost, normal purchase price | Total Checkouts | Full call number | Barcode | Date last seen | Copy number | Koha item type |
|---|---|---|---|---|---|---|---|---|---|---|---|---|---|
| Dewey Decimal Classification | JCC Rouf Library | JCC Rouf Library | 02/22/2021 | 2021-02-22 | 338.00 | 954.9205 SHA 2020 | 16349 | 02/22/2021 | C-1 | Books |